00383nam a2200157Ia 4500008004100000020001800041041000800059082001700067100001600084245003900100250001200139260002200151300000800173365001600181700002800197230714s9999 xx 000 0 und d a9780000000000 aeng a621.382bNEA aNeamen D.A. aSemiconductor Physics And Devices  a4th ed. c2013bMcGraw Hill a500 cRs.b695.00 aNeamen D.A. & Biswas D.